| 000 | 00579nam a22001697a 4500 | ||
|---|---|---|---|
| 005 | 20250619100208.0 | ||
| 008 | 250619b |||||||| |||| 00| 0 eng d | ||
| 020 | _a0-8341-2247-2 | ||
| 050 | _aBS 605.3 .D57 2006 | ||
| 100 | _aVARUGHESE, ALEX | ||
| 245 | _aDISCOVERING THE BIBLE: STORY AND FAITH OF THE BIBLICAL COMMUNITIES | ||
| 260 |
_aKANSAS CITY [MO] _b BEACON HILL PRESS OF KANSAS CITY, _c 2006. |
||
| 300 | _a464P,;ILL | ||
| 500 | _aINCLUDES BIBLIOGRAPHICAL REFERENCES AND INDEX | ||
| 650 | _a1. BIBLE--TEXTBOOKS. 2. BIBLE--STUDY AND TEACHING. | ||
| 942 |
_2lcc _cBK |
||
| 999 |
_c215707 _d215707 |
||